000 00805nas a2200229 4500
001 BR8302882
003 BR-BrBNA
005 20231205085537.0
007 ta
008 230509b bl.|||p| |||| 00| 00por d
040 _aBR-BrBNA
_bpor
_cBiblioteca Nacional de Agricultura
041 _a(Pt)
072 _aF00
110 1 _aInstituto de Pesquisas Agronomicas, Porto Alegre, RS (Brasil)
_96134
245 1 _aIPAGRO faz recomendacoes objetivas para o cultivo de alho no Rio Grande do Sul [Allium sativum, Instituto de Pesquisas Agronomicas, Brasil]
650 _aALHO
650 _aPRATICA CULTURAL
650 _aRIO GRANDE DO SUL
773 0 _tAgropecuaria (Brazil)
_xISSN 0100-6746
_g(Apr-May 1983), v. 5(49) p. 25-28
_wBR8302882
909 _a202311
_bLúcia
_c55
_dLúcia Elande
942 _2AGRIS
_n0
_cANA
999 _c112125
_d112125